Religious thought in the reformation
Αποθηκεύτηκε σε:
| Κύριος συγγραφέας: | |
|---|---|
| Μορφή: | Βιβλίο |
| Γλώσσα: | English |
| Δημοσίευση: |
London :
Longman,
1995
|
| Έκδοση: | 2nd ed. |
| Θέματα: | |
| Ετικέτες: |
Προσθήκη ετικέτας
Δεν υπάρχουν, Καταχωρήστε ετικέτα πρώτοι!
|
MARC
| LEADER | 00000nam a2200000 i 4500 | ||
|---|---|---|---|
| 001 | 1/39186 | ||
| 008 | 030807s1995 eng d | ||
| 020 | |a 0582259592 | ||
| 035 | |l 10070577 | ||
| 040 | |a GR-MY-UA |b gre |e aacr | ||
| 041 | 0 | |a eng | |
| 082 | 0 | |a 230.09031 |2 (20) | |
| 100 | 1 | |a Reardon, Bernard M. G. | |
| 245 | 1 | 0 | |a Religious thought in the reformation / |c Bernard M. G. Reardon |
| 250 | |a 2nd ed. | ||
| 260 | |a London : |b Longman, |c 1995 | ||
| 300 | |a xx, 322 σ.; |c 24 εκ. | ||
| 504 | |a Περιέχει βιβλιογραφικές παραπομπές (σ. 306-314) και ευρετήριο | ||
| 650 | 0 | 0 | |a Theology, Doctrinal |x History |y 16th century. |
| 650 | 0 | 0 | |a Reformation. |
| 852 | |a INST |b LESVOS |e 20030807 |h 230.09031 REA |p 005100026675 |q 005100026675 |t BK |y 0 | ||
| 901 | |a BIBL1-2003-2 | ||
| 909 | |a Λ |b 105826 | ||
| 922 | |a 1ΕΛΗ |b 200307 |c ΕΠΕΑΕΚ2/ΤΚΑ |d ΜΙΧΑΛΟΠΟΥΛΟΣ | ||
| 950 | |a 117-2003-06-11 | ||
| 970 | |a ΚΑΡΑ |b ΓΙΑΣΕΜΗ |z 2003/08/27 | ||